00326 2200145 4500001002100000005001500021035002000036245003600056100001200092300001100104260003100115082000800146084001400154990001200168INLIS00000000000191120250520094902 a0010-05250002031 aTabel Matematika /cA.M.Muchtar0 aMuchtar a62 hlm aSurabaya :bApollo Lestari a510 a510 MUC t a0754775